00939nam a2200181 a 450000100100000000500170001000800410002704000250006808200150009311000330010824501450014126000530028630000360033904900090037595201750038495201810055999900170074000003225020200930063546.0110406s1927 dr ac 000 0 spa d aDO-SdBNPbspacBNPHU axxxbR426m1 aRepública Dominicna95831010aMensaje que al honorable Congreso Nacional presenta al ciudadano presidente de la República de su ejercicio administrativo del año 1926. aSanto Domingo :bImp. J. R. vda García,c1927. a311 p. :bil., retrs. ;c30 cm. aBNPD 001050718RVaPDbPDcCTd2011-07-13iLF1l0oxxx R426mp32250-10r2020-06-25w2020-06-25y1zPerteneció a la biblioteca personal de Julio Ortega Frier.ZNo se presta 001050718RVaPDbPDcCTd2011-07-25iLF1l0oxxx R426mp32250-20r2020-06-25te. 2w2020-06-25y1zPerteneció a la biblioteca personal de Julio Ortega Frier.ZNo se presta c31741d31741